000
00215 a2200097 4500
001
737
100
_a
Caver,W
245
_a
Synthesis of linear communication network
260
_a
_b
Mcgrawhill
_c
090
_c
333
_d
333
942
_a
NUST-CAE
_c
M
_c
25891
999
_c
235810
_d
235810